Odborný slovník hospodárska politika Európskej únie

Vybrané termíny z odborného slovníka. Terminológia hospodárskej politiky Európskej únie.

Uložené v:
Podrobná bibliografia
Hlavný autor: Vidová, Jarmila, 1967-
Médium: Kapitola
Jazyk:Slovak
Predmet:
Tagy: Pridať tag
Žiadne tagy, Buďte prvý, kto otaguje tento záznam!

MARC

LEADER 00000nla$a2200000$$$4500
001 0123201
005 20240502072406.5
041 0 |a slo 
044 |a SK 
245 1 0 |a Odborný slovník  |b hospodárska politika Európskej únie  |c Jarmila Vidová 
520 |a Vybrané termíny z odborného slovníka. Terminológia hospodárskej politiky Európskej únie. 
610 2 0 |a slovníky 
610 2 0 |a literatúra 
610 2 0 |a pojmy 
610 2 0 |a preklady odborné 
610 2 0 |a terminológia 
610 2 0 |a politika hospodárska 
610 2 0 |a Európska únia 
100 1 |a Vidová, Jarmila, 1967-